| 000 -LEADER |
| fixed length control field |
00522nam a22001577a 4500 |
| 020 ## - INTERNATIONAL STANDARD BOOK NUMBER |
| International Standard Book Number |
9789389484519 |
| 082 ## - DEWEY DECIMAL CLASSIFICATION NUMBER |
| Classification number |
B73x54 T543 |
| 100 ## - MAIN ENTRY--PERSONAL NAME |
| Personal name |
Tiwary, Nupur |
| 9 (RLIN) |
17692 |
| 245 ## - TITLE STATEMENT |
| Title |
Panchayats as institutions of self-government: |
| Remainder of title |
Issues of inclusion and exclusion |
| Statement of responsibility, etc |
by Nupur Tiwary |
| 260 ## - PUBLICATION, DISTRIBUTION, ETC. (IMPRINT) |
| Place of publication, distribution, etc |
New Delhi |
| Name of publisher, distributor, etc |
Kanishka |
| Date of publication, distribution, etc |
2020 |
| 300 ## - PHYSICAL DESCRIPTION |
| Extent |
168p. |
| 650 ## - SUBJECT ADDED ENTRY--TOPICAL TERM |
| Topical term or geographic name as entry element |
Panchayat |
| 9 (RLIN) |
17693 |
| 650 ## - SUBJECT ADDED ENTRY--TOPICAL TERM |
| Topical term or geographic name as entry element |
Panchayats - India |
| 9 (RLIN) |
17694 |
| 650 ## - SUBJECT ADDED ENTRY--TOPICAL TERM |
| Topical term or geographic name as entry element |
Local Government - India - Congresses |
| 9 (RLIN) |
17695 |
| 650 ## - SUBJECT ADDED ENTRY--TOPICAL TERM |
| Topical term or geographic name as entry element |
Panchayats - India - Congresses |
| 9 (RLIN) |
17696 |